Passagem para a Índia / (Record no. 248)

MARC details
000 -LÍDER
campo de controle de tamanho fixo 01318nam a2200289 4500
001 - NÚMERO DE CONTROLE
campo de controle 248
003 - IDENTIFICADOR DO NÚMERO DE CONTROLE
campo de controle OSt
005 - DATA E HORÁRIO DA ÚLTIMA TRANSAÇÃO
campo de controle 20250528074016.0
008 - CAMPO DE DADOS FIXOS--INFORMAÇÃO GERAL
campo de controle de tamanho fixo 250210b |||||||e |||| 00| 1 eng d
040 ## - FONTE DA CATALOGAÇÃO
Idioma da catalogação por
041 ## - CÓDIGO DE IDIOMA
Código do idioma do original e/ou traduções intermediárias do texto eng
Código do idioma do texto/trilha sonora ou título diferente por
082 ## - CDD - CLASSIFICAÇÃO DECIMAL DE DEWEY
Número de Classificação 823
Número do exemplar F733p
100 1# - ENTRADA PRINCIPAL--NOME PESSOAL
Nome pessoal Forster, E. M.
Datas associadas ao nome 1879-1970.
240 ## - TÍTULO UNIFORME
Título uniforme Passage to India
245 ## - TÍTULO
Título Passagem para a Índia /
Indicação de responsabilidade, etc. Forster, E. M. ; Tradução de Sônia Coutinho
260 ## - PUBLICAÇÃO, DISTRIBUIÇÃO, ETC.
Local de publicação, distribuição, etc. São Paulo
Nome do editor, distribuidor, etc. Círculo do Livro
Data da publicação, distribuição, etc. 1987
300 ## - DESCRIÇÃO FÍSICA
Extensão 319 p.
520 ## - NOTA DE RESUMO, ETC.
Resumo, etc. O livro reconstitui, de maneira ficcional, aspectos da colonização inglesa na Índia, detendo-se sobretudo no conflito que se estabeleceu durante o contato de duas culturas tão diferentes. Uma passagem para a Índia mistura o relato de viagem à análise da sociedade que se criou com a chegada dos colonizadores. Forster, no entanto, não esbarra em um problema comum a esse tipo de texto – a parcialidade – , e abre espaço no livro para uma pluralidade de pontos de vista que compõem painel bastante diversificado da Índia ocupada pelos ingleses.
650 #0 - ASSUNTO--TERMO TÓPICO
Cabeçalho tópico ou nome geográfico Literatura Inglesa
9 (RLIN) 89
650 #0 - ASSUNTO--TERMO TÓPICO
Cabeçalho tópico ou nome geográfico Viagens
9 (RLIN) 189
650 #0 - ASSUNTO--TERMO TÓPICO
Cabeçalho tópico ou nome geográfico Aventura
9 (RLIN) 47
650 #0 - ASSUNTO--TERMO TÓPICO
Cabeçalho tópico ou nome geográfico Outras Culturas
9 (RLIN) 384
655 #0 - TERMO DE ÍNDICE--GÊNERO E FORMA
Gênero/forma/ou termo foco Romance
655 #0 - TERMO DE ÍNDICE--GÊNERO E FORMA
Gênero/forma/ou termo foco Ficção
700 ## - ENTRADA ADICIONADA - NOME PESSOAL
Nome pessoal Sônia Coutinho
Função do autor por extenso Tradutor
9 (RLIN) 457
942 ## - ELEMENTOS DE ENTRADA ADICIONADOS (KOHA)
Fonte de classificação ou esquema de arquivamento Classificação decimal de Dewey
Ocultar no OPAC Não
Tipo de material Koha Livros
Holdings
Situação do descarte Situação das perdas Fonte de classificação ou esquema de arquivamento Status danificado Não pode ser emprestado Coleção Biblioteca de origem Biblioteca atual Localização na estante Data de aquisição Fonte de aquisição Total de empréstimos Número de chamada completo Código de barras Data de último acesso Data do preço efetivo Tipo de material Koha
    Classificação decimal de Dewey     Ficção Biblioteca Professor Eduardo Afonso de Castro Biblioteca Professor Eduardo Afonso de Castro Literatura Estrangeira 24.05.2017 doação   823 / F733p 2025-15674 10.02.2025 10.02.2025 Livros

Powered by Koha